[Event "Ceske Budejovice op-A"]
[Site "Ceske Budejovice"]
[Date "2020.07.08"]
[Round "8"]
[White "Routner, Jakub"]
[Black "Velicka, Petr"]
[Result "0-1"]
[WhiteElo "2091"]
[BlackElo "2410"]
[PlyCount "110"]
[EventDate "2020.07.01"]
[EventType "swiss"]
[EventRounds "9"]
[EventCountry "CZE"]
[SourceTitle "CBM 197 Extra"]
[Source "ChessBase"]
[SourceDate "2020.09.30"]
[SourceVersion "1"]
[SourceVersionDate "2020.09.30"]
[SourceQuality "1"]

1. e4 c5 2. Nc3 e6 3. g3 d5 4. exd5 exd5 5. Bg2 Nf6 6. Nge2 d4 7. Ne4 Be7 8. d3 0-0 9. 0-0 Nxe4 10. Bxe4 Nd7 11. Nf4 Nf6 12. Bf3 Rb8 13. Re1 Bd6 14. c4 dxc3 15. bxc3 Bd7 16. Nd5 Nxd5 17. Bxd5 Qf6 18. Bb2 b5 19. Qf3 Qxf3 20. Bxf3 Be6 21. a4 bxa4 22. Ba3 Rfd8 23. Bc6 Bf8 24. d4 cxd4 25. cxd4 Rxd4 26. Bxf8 Kxf8 27. Rxa4 Rxa4 28. Bxa4 Rb2 29. h4 h5 30. Re5 Ra2 31. Bc6 g6 32. Rb5 Ke7 33. Bd5 Bxd5 34. Rxd5 a6 35. Kg2 Rc2 36. Re5+ Kd7 37. Rd5+ Kc7 38. Re5 Rd2 39. Re7+ Rd7 40. Re1 a5 41. Kf3 Kc6 42. Re5 Ra7 43. Kf4 a4 44. Kg5 a3 45. Kf6 a2 46. Re1 a1Q+ 47. Rxa1 Rxa1 48. Kxf7 Rf1 49. Kxg6 Rxf2 50. Kxh5 Kd7 51. g4 Ke7 52. g5 Kf7 53. Kh6 Kg8 54. h5 Ra2 55. g6 Ra5 0-1

[Event "Ceske Budejovice op-A"]
[Site "Ceske Budejovice"]
[Date "2020.07.06"]
[Round "6"]
[White "Routner, Jakub"]
[Black "Zeman, Matyas"]
[Result "1/2-1/2"]
[WhiteElo "2091"]
[BlackElo "2284"]
[PlyCount "51"]
[EventDate "2020.07.01"]
[EventType "swiss"]
[EventRounds "9"]
[EventCountry "CZE"]
[SourceTitle "CBM 197 Extra"]
[Source "ChessBase"]
[SourceDate "2020.09.30"]
[SourceVersion "1"]
[SourceVersionDate "2020.09.30"]
[SourceQuality "1"]

1. e4 e6 2. d4 d5 3. exd5 exd5 4. Nf3 Nc6 5. Bd3 Bd6 6. c3 Nge7 7. Bg5 Bg4 8. Nbd2 Qd7 9. Bxe7 Nxe7 10. 0-0 0-0 11. Qc2 Bf5 12. Rfe1 Bxd3 13. Qxd3 f6 14. Nf1 Nf5 15. Re2 Rae8 16. Rae1 g6 17. Ng3 Ng7 18. Rxe8 Rxe8 19. Rxe8+ Qxe8 20. Qe2 Qd7 21. Ne1 Qe6 22. Qxe6+ Nxe6 23. Nd3 Kf7 24. Ne2 b6 25. f3 Ke7 26. g3 1/2-1/2

[Event "CZE-chT2B 1718"]
[Site "Czech Republic"]
[Date "2017.11.05"]
[Round "2.4"]
[White "Routner, Jakub"]
[Black "Kotrba, Tomas"]
[Result "1/2-1/2"]
[WhiteElo "2103"]
[BlackElo "2031"]
[PlyCount "59"]
[EventDate "2017.10.15"]
[EventType "team-tourn"]
[EventRounds "11"]
[EventCountry "CZE"]
[SourceTitle "EXT 2022"]
[Source "ChessBase"]
[SourceDate "2021.10.06"]
[SourceVersion "1"]
[SourceVersionDate "2021.10.06"]
[SourceQuality "1"]
[WhiteTeam "Kobylisy"]
[BlackTeam "Zizkov"]
[WhiteTeamCountry "CZE"]
[BlackTeamCountry "CZE"]

1. e4 d5 2. exd5 Nf6 3. d4 Nxd5 4. c4 Nb4 5. a3 N4c6 6. Be3 e5 7. d5 Ne7 8. Nc3 Nf5 9. Bd2 g6 10. Nf3 Bg7 11. Be2 0-0 12. 0-0 Nd4 13. Nxd4 exd4 14. Ne4 Re8 15. Bf3 Bf5 16. Re1 Bxe4 17. Bxe4 Nd7 18. Rc1 Nc5 19. Bb1 a5 20. Qf3 Qf6 21. Qg3 Qb6 22. b4 axb4 23. axb4 Na4 24. c5 Qb5 25. Qxc7 Nc3 26. Rxe8+ Rxe8 27. Bxc3 dxc3 28. d6 Bf6 29. Ba2 Rf8 30. Qa5 1/2-1/2

[Event "Klatovy op 22nd"]
[Site "Klatovy"]
[Date "2016.07.05"]
[Round "4"]
[White "Zizka, Petr"]
[Black "Routner, Jakub"]
[Result "0-1"]
[WhiteElo "2004"]
[BlackElo "2130"]
[PlyCount "86"]
[EventDate "2016.07.02"]
[EventType "swiss"]
[EventRounds "9"]
[EventCountry "CZE"]
[SourceTitle "CBM 173 Extra"]
[Source "ChessBase"]
[SourceDate "2016.08.29"]
[SourceVersion "1"]
[SourceVersionDate "2016.08.29"]
[SourceQuality "1"]

1. b3 e5 2. Bb2 Nc6 3. e3 Be7 4. Nf3 Bf6 5. d4 exd4 6. Nxd4 Nge7 7. Bd3 0-0 8. 0-0 d6 9. Nd2 Nxd4 10. Bxd4 Nc6 11. c3 Nxd4 12. exd4 g6 13. Rc1 Be6 14. Ne4 Bg7 15. f4 Bh6 16. Rc2 f5 17. Nd2 Re8 18. Qf3 c6 19. b4 Bg7 20. Bc4 Bxc4 21. Nxc4 Qd7 22. d5 Re4 23. Nd2 Re7 24. Rd1 Rae8 25. Nf1 Re4 26. Rcd2 c5 27. bxc5 dxc5 28. d6 R4e6 29. Rd5 Bf8 30. Qd3 b5 31. Qd2 a5 32. Ng3 Re3 33. Kf2 Bxd6 34. Qxe3 Rxe3 35. Kxe3 Qe6+ 36. Kf3 Be7 37. Re5 Qc6+ 38. Red5 b4 39. c4 a4 40. R1d3 Kf8 41. Ne2 Qa6 42. Nc1 Qxc4 43. Rd1 b3 0-1

[Event "CZE-chT2B 1516"]
[Site "Czech Republic"]
[Date "2016.02.21"]
[Round "8.2"]
[White "Routner, Jakub"]
[Black "Kucera, Petr"]
[Result "1/2-1/2"]
[WhiteElo "2155"]
[BlackElo "2262"]
[PlyCount "81"]
[EventDate "2015.10.18"]
[EventType "team-tourn"]
[EventRounds "11"]
[EventCountry "CZE"]
[SourceTitle "EXT 2022"]
[Source "ChessBase"]
[SourceDate "2021.10.06"]
[SourceVersion "1"]
[SourceVersionDate "2021.10.06"]
[SourceQuality "1"]
[WhiteTeam "Unichess II"]
[BlackTeam "Turnov Zikuda II"]
[WhiteTeamCountry "CZE"]
[BlackTeamCountry "CZE"]

1. e4 c6 2. d4 d5 3. exd5 cxd5 4. c3 Nc6 5. Nf3 Nf6 6. Bf4 Bg4 7. Qb3 Na5 8. Qa4+ Bd7 9. Bb5 a6 10. Bxd7+ Nxd7 11. Nbd2 e6 12. 0-0 Be7 13. Ne5 b5 14. Qd1 Nxe5 15. Bxe5 0-0 16. Qg4 Bf6 17. Bxf6 Qxf6 18. Nb3 Nc4 19. Nc5 Qh6 20. b3 Nd2 21. Rfe1 f5 22. Qe2 Ne4 23. f3 Nxc5 24. dxc5 Rfe8 25. Qe5 a5 26. a4 Rab8 27. b4 axb4 28. cxb4 Qd2 29. axb5 Qxb4 30. Rec1 Qxb5 31. Ra7 Rb7 32. Rxb7 Qxb7 33. c6 Qa7+ 34. Kf1 Kf7 35. c7 Qa6+ 36. Kf2 Rc8 37. Kg3 Qa3 38. Rc6 Qe7 39. Kf2 Qf6 40. Qd6 Qe7 41. Qe5 1/2-1/2

[Event "CZE-chT2C 1415"]
[Site "Czech Republic"]
[Date "2015.01.11"]
[Round "5.3"]
[White "Bednar, Marcel"]
[Black "Routner, Jakub"]
[Result "1/2-1/2"]
[WhiteElo "2296"]
[BlackElo "2147"]
[PlyCount "34"]
[EventDate "2014.11.02"]
[EventType "team-tourn"]
[EventRounds "11"]
[EventCountry "CZE"]
[SourceTitle "EXT 2022"]
[Source "ChessBase"]
[SourceDate "2021.10.06"]
[SourceVersion "1"]
[SourceVersionDate "2021.10.06"]
[SourceQuality "1"]
[WhiteTeam "Lysa nad Labem III"]
[BlackTeam "Praha Kobylisy II"]
[WhiteTeamCountry "CZE"]
[BlackTeamCountry "CZE"]

1. d4 Nf6 2. c4 e6 3. Nf3 b6 4. g3 Ba6 5. b3 d5 6. Bg2 Bd6 7. 0-0 Nbd7 8. Nc3 0-0 9. Qc2 Rc8 10. Nb5 Bxb5 11. cxb5 c5 12. Qb2 Qc7 13. Be3 Ne4 14. Rac1 f5 15. dxc5 bxc5 16. Nd4 Rfe8 17. b4 c4 1/2-1/2

[Event "CZE-chT2C 1415"]
[Site "Czech Republic"]
[Date "2014.11.02"]
[Round "1.3"]
[White "Korsa, Jindrich"]
[Black "Routner, Jakub"]
[Result "1-0"]
[WhiteElo "2155"]
[BlackElo "2147"]
[PlyCount "61"]
[EventDate "2014.11.02"]
[EventType "team-tourn"]
[EventRounds "11"]
[EventCountry "CZE"]
[SourceTitle "EXT 2022"]
[Source "ChessBase"]
[SourceDate "2021.10.06"]
[SourceVersion "1"]
[SourceVersionDate "2021.10.06"]
[SourceQuality "1"]
[WhiteTeam "Praha Bohemians II"]
[BlackTeam "Praha Kobylisy II"]
[WhiteTeamCountry "CZE"]
[BlackTeamCountry "CZE"]

1. e4 c5 2. Nc3 Nc6 3. g4 g6 4. Bg2 Bg7 5. d3 e6 6. Nge2 Nge7 7. 0-0 0-0 8. f4 f5 9. gxf5 gxf5 10. Ng3 d5 11. e5 a6 12. Nh5 b5 13. Rf3 Ng6 14. Rh3 Ra7 15. Be3 d4 16. Bxc6 Qb6 17. Bg2 dxe3 18. Qe2 Bb7 19. Qxe3 Bxg2 20. Kxg2 Rd7 21. Rg1 Rfd8 22. Ne2 b4 23. Kf2 Qc6 24. Rhg3 Rf7 25. h4 Bh6 26. Nf6+ Kh8 27. h5 Ne7 28. R3g2 c4 29. Qg3 Rg7 30. Qxg7+ Bxg7 31. Rxg7 1-0

[Event "Klatovy op"]
[Site "Klatovy"]
[Date "2014.07.03"]
[Round "6"]
[White "Janska, Jitka"]
[Black "Routner, Jakub"]
[Result "0-1"]
[WhiteElo "1959"]
[BlackElo "2158"]
[PlyCount "92"]
[EventDate "2014.06.28"]
[EventType "swiss"]
[EventRounds "9"]
[EventCountry "CZE"]
[SourceTitle "CBM 161 Extra"]
[Source "ChessBase"]
[SourceDate "2014.08.29"]
[SourceVersion "1"]
[SourceVersionDate "2014.08.29"]
[SourceQuality "1"]

1. e4 c5 2. Nf3 e6 3. Nc3 a6 4. a4 Qc7 5. g3 b6 6. Bg2 Bb7 7. 0-0 d6 8. Re1 Nf6 9. e5 dxe5 10. Nxe5 Bxg2 11. Kxg2 Qb7+ 12. Qf3 Qxf3+ 13. Nxf3 Nc6 14. d3 0-0-0 15. Ne5 Nxe5 16. Rxe5 Be7 17. Re2 Nd7 18. Bf4 Nb8 19. Rd2 Nc6 20. Rad1 Kb7 21. Ne2 Bf6 22. c3 Rd7 23. d4 cxd4 24. Nxd4 Bxd4 25. cxd4 Rhd8 26. Be3 Na5 27. Kf3 Nb3 28. Rd3 Nc5 29. Ra3 e5 30. b4 Ne6 31. d5 Nc7 32. d6 Rxd6 33. Rxd6 Rxd6 34. Ke4 f6 35. h4 Rc6 36. Rb3 g6 37. f4 Rc4+ 38. Kd3 b5 39. axb5 axb5 40. fxe5 fxe5 41. Bc5 Kc6 42. Ra3 Rg4 43. Ke2 h5 44. Re3 Kd5 45. Rd3+ Kc4 46. Kd2 Nd5 0-1

[Event "Klatovy op"]
[Site "Klatovy"]
[Date "2014.06.30"]
[Round "3"]
[White "Routner, Jakub"]
[Black "Vlasak, Lukas"]
[Result "1/2-1/2"]
[WhiteElo "2158"]
[BlackElo "2375"]
[PlyCount "126"]
[EventDate "2014.06.28"]
[EventType "swiss"]
[EventRounds "9"]
[EventCountry "CZE"]
[SourceTitle "CBM 161 Extra"]
[Source "ChessBase"]
[SourceDate "2014.08.29"]
[SourceVersion "1"]
[SourceVersionDate "2014.08.29"]
[SourceQuality "1"]

1. e4 c5 2. Nc3 Nc6 3. g3 g6 4. Bg2 Bg7 5. d3 d6 6. Be3 Rb8 7. Qd2 b5 8. f4 b4 9. Nd1 Qb6 10. Nf3 e6 11. 0-0 Nge7 12. Qf2 0-0 13. e5 Nf5 14. exd6 Ncd4 15. Ne5 Qxd6 16. c3 bxc3 17. bxc3 Nxe3 18. Nxe3 Nb5 19. N3c4 Qc7 20. Rac1 Bb7 21. Be4 Nd6 22. Bxb7 Rxb7 23. Rfd1 Rfb8 24. Qf3 Nxc4 25. Nxc4 Qd7 26. Kg2 Qd5 27. Rc2 h5 28. Qxd5 exd5 29. Ne5 Bxe5 30. fxe5 Rb2 31. Rdd2 Rxc2 32. Rxc2 Kf8 33. Kf3 Ke7 34. Ke3 a5 35. Rf2 Rb1 36. d4 c4 37. Rc2 a4 38. Rf2 Rb6 39. Ke2 a3 40. Ke3 Rb3 41. Kd2 Rb2+ 42. Ke3 Rb6 43. Kd2 Rb1 44. Ke3 Rc1 45. Kd2 Ra1 46. Ke3 g5 47. Rc2 Rh1 48. Rf2 Rd1 49. Ke2 Rb1 50. Ke3 Rb2 51. Re2 f6 52. exf6+ Kxf6 53. Rf2+ Kg6 54. Kf3 Rb3 55. Rc2 Rb1 56. h3 g4+ 57. hxg4 hxg4+ 58. Ke3 Rg1 59. Kf4 Rb1 60. Re2 Rb2 61. Re6+ Kf7 62. Ra6 Rxa2 63. Kxg4 Rb2 1/2-1/2

[Event "CZE-chT2A 0809"]
[Site "Czech Republic"]
[Date "2009.02.08"]
[Round "8.8"]
[White "Novak, Josef"]
[Black "Routner, Jakub"]
[Result "0-1"]
[WhiteElo "1767"]
[BlackElo "2086"]
[PlyCount "46"]
[EventDate "2008.10.12"]
[EventType "team-tourn"]
[EventRounds "11"]
[EventCountry "CZE"]
[SourceTitle "EXT 2010"]
[Source "ChessBase"]
[SourceDate "2010.11.25"]
[SourceVersion "1"]
[SourceVersionDate "2010.11.25"]
[SourceQuality "1"]
[WhiteTeam "Ceske Budejovice II"]
[BlackTeam "Kobylisy"]
[WhiteTeamCountry "CZE"]
[BlackTeamCountry "CZE"]

1. c4 g6 2. g3 Bg7 3. Bg2 e5 4. Nc3 d6 5. b3 f5 6. e3 Nf6 7. Nge2 c6 8. 0-0 0-0 9. Bb2 Be6 10. d4 Qc7 11. Rc1 Bf7 12. Qc2 Nbd7 13. e4 fxe4 14. dxe5 dxe5 15. Nxe4 Nxe4 16. Bxe4 Be6 17. Ba3 Rf7 18. Rcd1 Qa5 19. Bd6 Nc5 20. Qc3 Qxa2 21. Bc2 Ne4 22. Bxe4 Qxe2 23. f3 Bh3 0-1

[Event "CZE-chT2A 0809"]
[Site "Czech Republic"]
[Date "2008.11.23"]
[Round "3.8"]
[White "Skacel, Tomas"]
[Black "Routner, Jakub"]
[Result "0-1"]
[WhiteElo "1865"]
[BlackElo "2086"]
[PlyCount "34"]
[EventDate "2008.10.12"]
[EventType "team-tourn"]
[EventRounds "11"]
[EventCountry "CZE"]
[SourceTitle "EXT 2010"]
[Source "ChessBase"]
[SourceDate "2010.11.25"]
[SourceVersion "1"]
[SourceVersionDate "2010.11.25"]
[SourceQuality "1"]
[WhiteTeam "Pribram Pyrit"]
[BlackTeam "Kobylisy"]
[WhiteTeamCountry "CZE"]
[BlackTeamCountry "CZE"]

1. e4 g6 2. d4 Bg7 3. f4 c5 4. d5 d6 5. Nf3 Nf6 6. Bb5+ Nbd7 7. Nc3 a6 8. Bxd7+ Nxd7 9. 0-0 b5 10. Re1 0-0 11. e5 Nb6 12. e6 f5 13. Ng5 b4 14. Ne2 Bb7 15. Nf7 Qe8 16. g4 Nxd5 17. gxf5 Ne3 0-1

[Event "Klatovy op-A"]
[Site "Klatovy"]
[Date "2007.07.03"]
[Round "4"]
[White "Hlavac, Rudolf"]
[Black "Routner, Jakub"]
[Result "0-1"]
[WhiteElo "2098"]
[BlackElo "2139"]
[PlyCount "88"]
[EventDate "2007.06.30"]
[EventType "swiss"]
[EventRounds "9"]
[EventCountry "CZE"]
[SourceTitle "CBM 119 Extra"]
[Source "ChessBase"]
[SourceDate "2007.09.04"]
[SourceVersion "1"]
[SourceVersionDate "2007.09.04"]
[SourceQuality "1"]

1. e4 g6 2. d4 Bg7 3. Nc3 d6 4. Nf3 Nf6 5. Be2 Bg4 6. Be3 Nc6 7. d5 Bxf3 8. Bxf3 Ne5 9. Be2 c6 10. f4 Ned7 11. dxc6 bxc6 12. Qd3 Qa5 13. 0-0 0-0 14. a3 Rab8 15. b3 Rfc8 16. Na4 c5 17. Bd2 Qc7 18. Bc3 c4 19. Qxc4 Qb7 20. Qd3 Qxe4 21. Qxe4 Nxe4 22. Bxg7 Kxg7 23. Bd3 Ndc5 24. Nxc5 Nxc5 25. Be2 e6 26. b4 Ne4 27. Bd3 Nc3 28. Rfe1 d5 29. Kf2 Na4 30. Ra2 Rc3 31. g4 Rbc8 32. f5 Kf6 33. g5+ Ke7 34. h4 Kd6 35. fxe6 fxe6 36. h5 e5 37. hxg6 hxg6 38. Rd1 Rf8+ 39. Kg2 Rf4 40. Bxg6 Rg4+ 41. Kf2 Rcg3 42. Rh1 Rxg5 43. Bd3 e4 44. Be2 Nc3 0-1

[Event "Klatovy op-A"]
[Site "Klatovy"]
[Date "2007.07.01"]
[Round "2"]
[White "Stross, Frantisek"]
[Black "Routner, Jakub"]
[Result "1-0"]
[WhiteElo "2318"]
[BlackElo "2139"]
[PlyCount "83"]
[EventDate "2007.06.30"]
[EventType "swiss"]
[EventRounds "9"]
[EventCountry "CZE"]
[SourceTitle "CBM 119 Extra"]
[Source "ChessBase"]
[SourceDate "2007.09.04"]
[SourceVersion "1"]
[SourceVersionDate "2007.09.04"]
[SourceQuality "1"]

1. e4 g6 2. d4 Bg7 3. Nc3 d6 4. Be3 c6 5. Qd2 b5 6. Bd3 Nd7 7. Nf3 Nb6 8. h3 Nc4 9. Bxc4 bxc4 10. 0-0 Qa5 11. Rfe1 h5 12. b3 Ba6 13. Na4 Qxd2 14. Bxd2 Nh6 15. Nb2 cxb3 16. axb3 Bb7 17. Nc4 Kd7 18. Ra4 Rhb8 19. Rea1 c5 20. Rxa7 Rxa7 21. Rxa7 cxd4 22. Na5 Kc7 23. Rxb7+ Rxb7 24. Nxb7 Kxb7 25. Nxd4 Bxd4 26. Bxh6 Kc6 27. Kf1 Kb5 28. Bd2 e6 29. Ke2 Bc5 30. c4+ Kc6 31. b4 Bd4 32. Be3 Bc3 33. b5+ Kc7 34. Kd3 Bb4 35. Bd4 Kd7 36. e5 d5 37. c5 Be1 38. f3 Bg3 39. Kc3 f6 40. exf6 e5 41. Bg1 Ke6 42. c6 1-0